000 01233nam a22002777a 4500
003 OSt
005 20251008154629.0
008 240408b ||||| |||| 00| 0 eng d
040 _c0
082 _aDPer 621.317 Ie21 October 2022 v. 37 n. 10
100 _aSong, Kai.
_eauthor.
_956351
245 _aA control strategy for wireless EV charging system to improve weak coupling output based on variable inductor and capacitor /
_cKai Song, Yu Lan, Ruizhi Wei, Guang Yang, Fengshou Yang, Weihan Li, Jinhai Jiang, Chunbo Zhu, and Yunwei Li.
260 _aNew York ;
_bThe Institute of Electrical and Electronics Engineers, Inc. ,
_cOctober 2022.
300 _aVolume 37, pages 12853-12864 :
_billustration ;
_c28 cm.
500 _aIEEE Transactions on Power Electronics, v. 37, n. 10, pages 12853-12864, October 2022.
700 _aSong, Kai.
_eauthor.
_956351
700 _aLan, Yu.
_eauthor.
_956352
700 _aWei, Ruizhi.
_eauthor.
_956353
700 _aYang, Guang.
_eauthor.
_956354
700 _aYang, Fengshou.
_eauthor.
_956355
700 _aLi, Weihan.
_eauthor.
_956356
700 _aJiang, Jinhai.
_eauthor.
_956357
700 _aZhu, Chunbo.
_eauthor.
_956358
700 _aLi, Yunwei.
_eauthor.
_956359
942 _2ddc
_cPER
999 _c20090
_d20090